The Vampire Diaries Actors - Statistics

General Stats
  • This quiz has been taken 286 times
  • The average score is 13 of 25
Answer Stats
Character Actor % Correct
Elena Gilbert Nina Dobrev
96%
Katherine Pierce Nina Dobrev
96%
Stefan Salvatore Paul Wesley
93%
Damon Salvatore Ian Somerhalder
92%
Caroline Forbes Candice King
80%
Bonnie Bennett Kat Graham
80%
Klaus Mikaelson Joseph Morgan
78%
Rebekah Mikaelson Claire Holt
68%
Elijah Mikaelson Daniel Gillies
66%
Tyler Lockwood Michael Trevino
56%
Jeremy Gilbert Steven R. McQueen
56%
Hayley Marshall Phoebe Tonkin
55%
Alaric Saltzman Matt Davis
52%
Kai Parker Chris Wood
51%
Enzo St. John Michael Malarkey
46%
Matt Donovan Zach Roerig
44%
Jenna Sommers Sara Canning
40%
Vicki Donovan Kayla Ewell
36%
Lexi Branson Arielle Kebbel
31%
Kol Mikaelson Nathaniel Buzolic
31%
John Gilbert David Anders
22%
Anna Malese Jow
22%
April Young Grace Phipps
20%
Josette Laughlin Jodi Lyn O'Keefe
18%
Liz Forbes Marguerite MacIntyre
15%
No matching quizzes found
Score Distribution
Percent of People with Each Score
Percentile by Number Answered
Your Score History
You have not taken this quiz